00365nam a2200145Ia 4500003000400000005001700004008004000021040000700061041000800068082001200076100002400088245003600112260004300148700002800191OSt20230207143316.0210210b1924 xxu||||| |||| 00| 0 eng d cAL aeng a954/401 aAIYER (Sathyanatha) aHistory of the Nayaks of Madura aLondonbOxford University Pressc1924 aAIYANGAR (Krishnaswamy)